|
|
|
|
| LEADER |
00000nam0a2200000 4500 |
| 001 |
19324 |
| 005 |
20231101205249.0 |
| 010 |
|
|
|a 5010041359
|
| 035 |
|
|
|a (RuTPU)RU\TPU\book\19486
|
| 035 |
|
|
|a BOOK00000141
|
| 090 |
|
|
|a 19324
|
| 100 |
|
|
|a 20011209d1994 km y0rusy50 ca
|
| 101 |
0 |
|
|a rus
|
| 102 |
|
|
|a RU
|
| 105 |
|
|
|a y f 000zy
|
| 200 |
1 |
|
|a Краткая философская энциклопедия
|
| 210 |
|
|
|a Москва
|c Прогресс
|d 1994
|
| 215 |
|
|
|a 576 с.
|
| 606 |
1 |
|
|a Философия
|2 stltpush
|3 (RuTPU)RU\TPU\subj\63880
|9 80812
|
| 610 |
1 |
|
|a философские знания
|
| 610 |
1 |
|
|a энциклопедии
|
| 610 |
1 |
|
|a термины
|
| 610 |
1 |
|
|a понятия
|
| 686 |
|
|
|a Ю0/3я2
|v LBC/SL-A
|2 rubbk
|
| 801 |
|
0 |
|a RU
|b 63413507
|c 20011209
|g PSBO
|
| 801 |
|
2 |
|a RU
|b 63413507
|c 20140110
|g PSBO
|
| 942 |
|
|
|c BK
|